000 00679nam a2200277Ia 4500
005 20260324115326.0
008 008 260324s9999 xx 000 0 eng d
020 _a9780429061141
037 _aEBOOK
040 _aCRL
040 _beng
040 _cCRL
041 _2eng
041 _aeng
084 _qCRL
100 _aWan-Chi Siu; Lap-Pui Chau; Liang Wang; Tieniu Tang
_91154233
245 0 _aLearning Approaches in Signal Processing
260 _bTaylor and Francis
260 _c2018
365 _a
365 _b400
856 _uhttp://www.taylorfrancis.com/books/9780429061141
942 _cEBOOK
999 _c1745035
_d1745035